Desarrollo normativo de la Ley del sector eléctrico (Registro nro. 7113)
[ vista simple ]
| 000 -CABECERA | |
|---|---|
| Longitud fija campo de control | 01295nam a2200349 c 4500 |
| 001 - NÚMERO DE CONTROL | |
| Número de control | 7113 |
| 003 - IDENTIFICADOR DE NÚMERO DE CONTROL | |
| Identificador del número de control | ES-MaCES |
| 005 - FECHA Y HORA DE LA ÚLTIMA TRANSACCIÓN | |
| Fecha y hora de la última transacción | 20141221121859.0 |
| 008 - CAMPO FIJO DE DESCRIPCIÓN FIJA--INFORMACIÓN GENERAL | |
| Códigos de información de longitud fija | 980611s1997 sp l o000 | spa d |
| 035 ## - NÚMERO DE CONTROL DEL SISTEMA | |
| Número de control del sistema | CES19980071840m |
| 040 ## - FUENTE DE CATALOGACIÓN | |
| Centro catalogador de origen | ES-MaCES |
| Lengua de catalogación | spa |
| Centro transcriptor | ES-MaCES |
| 245 00 - MENCIÓN DE TÍTULO | |
| Título | Desarrollo normativo de la Ley del sector eléctrico |
| Mención de responsabilidad, etc. | [Comisión Nacional del Sistema Eléctrico] |
| 250 ## - MENCIÓN DE EDICIÓN | |
| Mención de edición | 1ª ed |
| 260 ## - PUBLICACIÓN, DISTRIBUCIÓN, ETC (PIE DE IMPRENTA) | |
| Lugar de publicación, distribución, etc. | Madrid |
| Nombre del editor, distribuidor, etc. | CNSE |
| Fecha de publicación, distribución, etc. | 1997- |
| 300 ## - DESCRIPCIÓN FÍSICA | |
| Extensión | v. |
| Dimensiones | 22 cm |
| 490 1# - MENCIÓN DE SERIE | |
| Mención de serie | Publicaciones de la CNSE |
| 500 ## - NOTA GENERAL | |
| Nota general | Posteriormente, véase además: CNE, Comisión Nacional de Energia |
| 505 1# - NOTA DE CONTENIDO FORMATEADA | |
| Nota de contenido con formato | : v. 1 -- v. 2. - 1ª ed., 1999 -- v. 3. - 1ª ed., 2000 -- v. 5. - 1ª ed., 2002 -- v. 6. - 1ª ed., 2003 -- v. 8. - 1ª ed., 2006 -- v. 9. -1ª ed., 2006 |
| 541 ## - NOTA DE LA FUENTE INMEDIANTE DE ADQUISICIÓN | |
| Forma de adquisición | Gratuito |
| 610 14 - ASIENTO SECUNDARIO DE MATERIA--NOMBRE CORPORATIVO | |
| Nombre de entidad corporativa o nombre de jurisdicción como elemento inicial | España |
| Título de la obra | Ley del sector eléctrico |
| Fecha del congreso o de la firma de un tratado | 1997 |
| 9 (RLIN) | 2973 |
| 650 #4 - ASIENTO SECUNDARIO DE MATERIA--TÉRMINO DE MATERIA | |
| Término de materia o nombre geográfico como elemento inicial | energía eléctrica |
| 9 (RLIN) | 27761 |
| 650 #4 - ASIENTO SECUNDARIO DE MATERIA--TÉRMINO DE MATERIA | |
| Término de materia o nombre geográfico como elemento inicial | industria eléctrica |
| 9 (RLIN) | 30787 |
| 650 #4 - ASIENTO SECUNDARIO DE MATERIA--TÉRMINO DE MATERIA | |
| Término de materia o nombre geográfico como elemento inicial | España |
| 9 (RLIN) | 26964 |
| 650 #4 - ASIENTO SECUNDARIO DE MATERIA--TÉRMINO DE MATERIA | |
| Término de materia o nombre geográfico como elemento inicial | legislación económica |
| 9 (RLIN) | 27161 |
| 650 #4 - ASIENTO SECUNDARIO DE MATERIA--TÉRMINO DE MATERIA | |
| Término de materia o nombre geográfico como elemento inicial | texto |
| 9 (RLIN) | 29624 |
| 653 10 - TÉRMINO DE INDEXACIÓN--NO CONTROLADO | |
| Término no controlado | Legislación |
| 710 2# - ENCABEZAMIENTO SECUNDARIO--NOMBRE CORPORATIVO | |
| Nombre de entidad o nombre de jurisdicción como elemento inicial | Comisión Nacional del Sistema Eléctrico (España) |
| Fecha del congreso o de la firma de un tratado | -1999 |
| Término indicativo de función | ed. |
| 9 (RLIN) | 2169 |
| 830 #0 - ENCABEZAMIENTO SECUNDARIO DE COLECCIÓN--TÍTULO UNIFORME | |
| Título uniforme | Publicaciones de la CNSE |
| 9 (RLIN) | 33043 |
| 902 ## - CES. TIPO DE DOCUMENTO | |
| Tipodoc (006$c Sirtex) | LIB Libro |
| 942 ## - ELEMENTOS KOHA | |
| Fuente de clasificaión o esquema | Clasificación propia del CES |
| Koha [por defecto] tipo de item | Monografías |
| Parte de clasificación | 6.1. |
| Número de registro | Signatura completa | Tipo de item de Koha |
|---|---|---|
| 025843 | DPT-9613 | Monografías |
| 030421 | DPT-9614 | Monografías |
| 037115 | DPT-9615 | Monografías |
| 050833 | DPT-12161 | Monografías |
| 056816 | DPT-12162 | Monografías |
| 063572 | DPT-12163 | Monografías |
| 067323 | DPT-12164 | Monografías |
